Načítá se...

التراث اليوناني في الحضارة الإسلامية /

Podrobná bibliografie
Hlavní autor: عبد الرحمان بروي
Médium: Printed Book
LEADER 00480nam a2200109Ia 4500
008 150527150527b xxu||||| |||| 00| 0 ara d
082 |a 946 
100 |a عبد الرحمان بروي 
245 |c by عبد الرحمان بروي  |a التراث اليوناني في الحضارة الإسلامية / 
942 |c BK 
999 |c 173374  |d 173374 
952 |0 0  |1 0  |4 0  |6 946_000000000000000_عبد_ا  |7 0  |9 192064  |a ARA  |b ARA  |c ST1  |d 2015-05-27  |i 5171  |l 0  |o 946 عبد/ا  |p ARA005171  |r 2015-05-27  |w 2015-05-27  |y BK